MARC

LEADER 00000nam0a2200000 4500
001 259745
005 20231101233419.0
035 |a (RuTPU)RU\TPU\book\282691 
090 |a 259745 
100 |a 20140512d1969 k y0rusy50 ca 
101 0 |a rus 
102 |a UA 
105 |a a z 001zy 
200 1 |a Дискретная система для измерений многомерных распределений вероятностей  |f Р. Г. Офенгенден [и др.]  |g Академия наук Украинской ССР (АН УССР), Институт физики (ИФ) ; под ред. Р. Г. Офенгендена 
210 |a Киев  |c Наукова думка  |d 1969 
215 |a 171 с.  |c ил. 
320 |a Библиогр.: с. 167-169. 
606 1 |a Ядерная физика  |x Измерения  |2 stltpush  |3 (RuTPU)RU\TPU\subj\21561  |9 46525 
606 1 |a Дискретные системы  |x Надежность  |2 stltpush  |3 (RuTPU)RU\TPU\subj\9601  |9 36817 
610 1 |a статистическая информация 
610 1 |a накопление 
610 1 |a сортировка 
610 1 |a алгоритмы 
610 1 |a назначение 
610 1 |a ассоциативные запоминающие устройства 
610 1 |a АЗУ 
610 1 |a ОЗУ 
610 1 |a основные запоминающие устройства 
610 1 |a вывод 
610 1 |a информация 
610 1 |a потери 
675 |a 539.1.08  |v 3 
675 |a 681.322-192  |v 3 
701 1 |a Офенгенден  |b Р. Г. 
701 1 |a Березин  |b Ф. Н. 
701 1 |a Лапшук  |b П. В. 
701 1 |a Любанский  |b Г. Б. 
701 1 |a Светличный  |b П. Н. 
702 1 |a Офенгенден  |b Р. Г.  |4 340 
712 0 2 |a Академия наук Украинской ССР (АН УССР)  |b Институт физики (ИФ)  |2 stltpush  |3 (RuTPU)RU\TPU\col\12595 
801 1 |a RU  |b 63413507  |c 20140512 
801 2 |a RU  |b 63413507  |c 20221101  |g RCR 
942 |c BK